|
|
|
|
| LEADER |
01124nam a2200265 a 4500 |
| 001 |
26265301 |
| 008 |
090909s2004 enk b 001 0 eng d |
| 020 |
|
|
|a 0335215327 (hbk.)
|
| 020 |
|
|
|a 0335215319 (pbk.
|
| 040 |
|
|
|a StDuBDS
|
| 082 |
0 |
4 |
|a 378.17
|2 22
|
| 100 |
1 |
|
|a Savin-Baden, Maggi,
|d 1960
|
| 245 |
1 |
0 |
|a Foundations of problem-based learning /
|c Maggi Savin-Baden and Claire Howell Major.
|
| 260 |
|
|
|a Maidenhead :
|b Society for Research into Higher Education ;
|b Open University Press,
|c 2004
|
| 300 |
|
|
|a xiv, 197 p. :
|b ill ;
|c 23 cm.
|
| 490 |
0 |
|
|a SRHE and Open University Press imprint
|
| 500 |
|
|
|a Formerly CIP.
|
| 504 |
|
|
|a Includes bibliographical references (p.[180]-193) and index.
|
| 541 |
1 |
|
|e 00013937
|
| 650 |
|
0 |
|a Problem-based learning
|
| 650 |
|
0 |
|a Education, Higher
|
| 710 |
2 |
|
|a Society for research into Higher Education.
|
| 852 |
4 |
|
|a Ayesha Abed Library
|j General shelf
|
| 999 |
|
|
|c 3989
|d 3989
|
| 952 |
|
|
|0 0
|1 0
|2 ddc
|4 0
|6 378_170000000000000_SAV_2004
|7 0
|9 3679
|a BRACUL
|b BRACUL
|c GEN
|d 2009-09-07
|e Trust Line International
|l 1
|m 11
|o 378.17 SAV
|p 3010013937
|q 2026-06-02
|r 2026-02-18
|s 2026-02-18
|t 1
|w 2009-09-17
|y BK
|